| 000 | 00377nam a2200145 a 4500 | ||
|---|---|---|---|
| 008 | 160215s2009|||| d | ||
| 245 | 1 | 0 | _aGaléria slávy - Osobnosti svetovej politiky |
| 250 | _a1. vydanie | ||
| 260 |
_bPríroda s.r.o. _aBratislava _c2009 |
||
| 300 | _a279 s. | ||
| 020 |
_a978-80-07-01699-6 _c4,50,- |
||
| 041 | _aslo | ||
| 044 |
_axo _cSK |
||
| 958 | _aAPR | ||
| 999 |
_c21064 _d21064 |
||